000 00884nam a2200241 i 4500
003 DO-SdBNP
005 20250507105536.0
007 ta
008 250507s2007 dr 001 0 spa d
040 _aDO-SdBNP
_bspa
_cBNPHU
_erda
082 4 _axxx
_bR426
_222
110 1 _aRepública Dominicana.
_9447
240 1 0 _a[Leyes, etc.]
245 1 0 _aResolución No. 3869-2006, reglamento para el manejo de los medios de prueba procesal :
_bResolución No. 1731-2005, reglamento sobre medidas de coerción y celebración de audiencias durante la etapa preparatoria al amparo del CPP /
264 1 _aSanto Domingo :
_b[editor no identificado],
_c2007.
300 _a48 páginas ;
_c21 cm.
336 _atexto
_btxt
_2rdacontent
337 _asin mediación
_bn
_2rdamedia
338 _avolumen
_bnc
_2rdacarrier
590 _aInventariado,2025/ YL
910 _aYLockward
942 _2ddc
_cLF2
999 _c58946
_d58946